| 000 | 00837nam a2200193 i 4500 | ||
|---|---|---|---|
| 001 | 185788 | ||
| 003 | ES-MaACL | ||
| 005 | 20230906222522.0 | ||
| 008 | 160810s1838 fr |||| | fre d | ||
| 245 | 0 | 0 |
_aChoix de chroniques et mémoires sur l'histoire de France. _n[11], _pChronique de Du Guesclin ; Romances espagnoles et limousines sur Blanche de Bourbon ; d' Orronville. Chronique de Louis de Bourbon ... [et al. / _cavec notices biographiques par J.A C. Buchon. |
| 260 |
_aParis : _bA. Desrez, _c1838. |
||
| 300 |
_aXLVII, 704 p. ; _c26 cm. |
||
| 490 | 1 | _aPanthéon littéraire. Littérature française | |
| 651 | 4 |
_aFrancia- _xHistoria- _vFuentes. _9160434 |
|
| 700 | 1 |
_aBuchon, Jean-Alexandre. _9126221 |
|
| 830 | 0 |
_aPanthéon littéraire. Littérature française _9192401 |
|
| 852 |
_aES-MaACL _jG-13577 |
||
| 999 |
_c185788 _d185788 |
||